[Event "Schoeneck Schoebel Memorial 1st"]
[Site "Schoeneck"]
[Date "2017.12.30"]
[Round "7"]
[White "Froehlich Dill, Astrid"]
[Black "Damljanovic, Sreten"]
[Result "1-0"]
[WhiteElo "1817"]
[BlackElo "1533"]
[PlyCount "91"]
[EventDate "2017.12.27"]
[EventType "swiss"]
[EventRounds "7"]
[EventCountry "GER"]
[SourceTitle "CBM 182 Extra"]
[Source "ChessBase"]
[SourceDate "2018.02.23"]
[SourceVersion "1"]
[SourceVersionDate "2018.02.23"]
[SourceQuality "1"]

1. d4 d5 2. Nf3 Nf6 3. c4 c6 4. e3 g6 5. Nc3 Bg7 6. Bd3 0-0 7. 0-0 Nbd7 8. b3 dxc4 9. bxc4 c5 10. Bd2 b6 11. Rb1 Bb7 12. d5 Ne8 13. e4 e6 14. Qc2 e5 15. a4 Nd6 16. Nb5 Nxb5 17. Rxb5 h6 18. Be3 Rb8 19. h3 Qf6 20. Nh2 Qe7 21. Qd2 Kh7 22. f4 exf4 23. Bxf4 Ne5 24. Ng4 Nxg4 25. hxg4 Rbe8 26. g3 Bc8 27. Qe2 Qd7 28. a5 bxa5 29. Rxa5 a6 30. Be3 Qc7 31. Qe1 Bc3 32. Rxc5 Qxc5 33. Bxc5 Bxe1 34. Bxf8 Bxg3 35. Rxf7+ Kg8 36. Rf3 Rxf8 37. Rxg3 Rf4 38. c5 a5 39. c6 Rxg4 40. Rxg4 Bxg4 41. d6 Kf8 42. e5 Ke8 43. Bxg6+ Kd8 44. Bf7 Bf3 45. c7+ Kc8 46. Be6+ 1-0